000 00279nam a2200109Ia 4500
001 589024
005 20250717120841.0
008 250717s9999 xx 000 0 und d
245 0 _aX-1 UYUMAK İSTEMEYEN ZÜRAFA
_cAYTÜL AKAL
260 _bUÇANBALIK YAYINLARI
_c2018
300 _b16
999 _c589024
_d589024